000 00525nam a2200181 i 4500
001 128741
003 ES-MaACL
005 20230906193343.0
007 t|
008 070524s1965 sp ||||1| spa d
080 _a946"1902/31"
100 1 _aTavera Baz, José María.
_9109420
245 1 4 _aLos últimos días
_b: (12, 13, 14, 15, de abril 1931) /
_cJosé María Tavera.
250 _a1ª ed.
260 _aBarcelona :
_bCedro,
_c[1965]
300 _a406 p., :
_bil. ;
_c19 cm.
852 _aES-MaACL
_jD-9315
_bR.58377
999 _c128741
_d128741